Analysis of Gambling Behavior

Bibliographic Details
Format: Unknown
Language:English
Published: Estados Unidos : Behavior Analyst Online
Subjects:
Online Access:Acceso restringido

MARC

LEADER 00000ny a22000003n 4500
005 20110512114145.0
008 071017c us mr pss 0 a0eng d
022 |a 1942-6453 
035 |a 3224 
040 |a BUS  |d vLex 
090 |c 1760  |d 1760 
245 3 4 |a Analysis of Gambling Behavior  |h [Recurso electrn̤ico] 
256 |a Servicio en ln̕ea 
260 |a Estados Unidos :  |b Behavior Analyst Online  
310 |a Mensual 
506 1 |a Contenido solo disponible en los productos indicados  |d vLex Global  |d vLex Global (Academic Edition, excluding Law Schools)  |d vLex Global (Academic Edition, Law Schools) 
650 0 4 |a Ludopata̕  |x Publicaciones perid̤icas 
740 0 |a vLex Revista (Servicios en ln̕ea) 
843 |a Electrn̤ica. Cerrada 
853 |8 1  |i (year)  |j (month)  |k (day) 
856 4 0 |z Acceso restringido  |u http://vlex.com/account/login_ip?fuente_id=3224  
942 |c REV